Hope for faith : (Record no. 35753)

MARC details
000 -LEADER
fixed length control field 01238cam a2200349ua 4500
001 - CONTROL NUMBER
control field 4454946
005 - DATE AND TIME OF LATEST TRANSACTION
control field 20090422231314.0
008 - FIXED-LENGTH DATA ELEMENTS--GENERAL INFORMATION
fixed length control field 860613s1986 miu 000 0 eng
010 ## - LIBRARY OF CONGRESS CONTROL NUMBER
LC control number 86011588
020 ## - INTERNATIONAL STANDARD BOOK NUMBER
International Standard Book Number 2825408603 (WCC)
020 ## - INTERNATIONAL STANDARD BOOK NUMBER
International Standard Book Number 0802801919 (Eerdmans)
035 ## - SYSTEM CONTROL NUMBER
System control number (NNC)4454946
040 ## - CATALOGING SOURCE
Modifying agency CStRLIN
-- NNUT
041 1# - LANGUAGE CODE
Language code of text/sound track or separate title eng
Language code of original and/or intermediate translations of text dut
050 0# - LIBRARY OF CONGRESS CALL NUMBER
Classification number BR115.J8
Item number N38 1986
100 1# - MAIN ENTRY--PERSONAL NAME
Personal name Naudé, Beyers.
600 10 - SUBJECT ADDED ENTRY--PERSONAL NAME
Personal name Naudé, Beyers.
600 10 - SUBJECT ADDED ENTRY--PERSONAL NAME
Personal name Sölle, Dorothee.
830 #0 - SERIES ADDED ENTRY--UNIFORM TITLE
Uniform title Risk book series.
245 10 - TITLE STATEMENT
Title Hope for faith :
Remainder of title a conversation /
Statement of responsibility, etc C.F. Beyers Naudé, Dorothee Sölle.
260 ## - PUBLICATION, DISTRIBUTION, ETC. (IMPRINT)
Place of publication, distribution, etc Geneva :
Name of publisher, distributor, etc WCC Pub. ;
Place of publication, distribution, etc Grand Rapids, Mich. :
Name of publisher, distributor, etc W.B. Eerdmans Pub. Co.,
Date of publication, distribution, etc c1986.
300 ## - PHYSICAL DESCRIPTION
Extent 38 p. :
Other physical details ports. ;
Dimensions 21 cm.
490 1# - SERIES STATEMENT
Series statement Risk book series
500 ## - GENERAL NOTE
General note Translation of: Hoop voor geloof.
650 #0 - SUBJECT ADDED ENTRY--TOPICAL TERM
Topical term or geographic name as entry element Christianity and justice.
650 #0 - SUBJECT ADDED ENTRY--TOPICAL TERM
Topical term or geographic name as entry element Christianity
Chronological subdivision 20th century.
700 1# - ADDED ENTRY--PERSONAL NAME
Personal name Sölle, Dorothee.
942 ## - ADDED ENTRY ELEMENTS (KOHA)
Source of classification or shelving scheme Library of Congress Classification
Item type Book
Holdings
Withdrawn status Lost status Source of classification or shelving scheme Damaged status Not for loan Collection code Home library Current library Shelving location Date acquired Total Checkouts Full call number Barcode Copy number Price effective from Koha item type
    Library of Congress Classification     Non-fiction Bishop Okullu Memorial Library (Limuru Campus) Bishop Okullu Memorial Library (Limuru Campus) General Circulation 27/10/2009   BR115.J8 N38 1986 012437 1 27/10/2009 Book
    Library of Congress Classification     Non-fiction Bishop Okullu Memorial Library (Limuru Campus) Bishop Okullu Memorial Library (Limuru Campus) General Circulation 27/10/2009   BR115.J8 N38 1986 012438 2 27/10/2009 Book